000
00307nam a2200133Ia 4500
005
20251222154436.0
008
251222s9999||||xx |||||||||||||| ||spa||
020
_a
0-13-143243-5
082
_a
510/B63
100
_a
"Blitzer,Robert"
245
0
_a
Thinking mathematically
250
_a
3a.ed.
942
_c
LIB
999
_c
36627
_d
36627